LEADER 00752nam a2200205 i 4500 001 000000203376 003 CaOOAMICUS 005 20110627000000.0 008 110627s1964 it u000 u ita u 013 $a182088 040 $aSeMil$bita 100 1 $aRadius, Emilio.$0(OLS)http://semarc/name/34248 245 10$aUsi e costumi dell'uomo fascista /$cEmilio Radius. 260 $aMilano :$bRizzoli,$c1964. 300 $a462 p. ;$c23 cm. 650 4$aFascismo.$0(OLS)http://semarc/subject/4130 850 $aSeMil 852 $aSeMil$W1$xVenegono$y1$m3U II 230$j153872$B153872$CSeMilBibl$Z2$F164744 $81 996 $6245$aUsi e costumi dell'uomo fascista$9(OLS)http://semarc/title/294510 996 $6260$aMilano :$bRizzoli$9(OLS)http://semarc/publisher/29824 LEADER 00522nab a2200145 i 4500 001 000000311683 003 CaOOAMICUS 005 20180831173037.0 008 180831n xx uu u0 0und r 013 $a20771 040 $aSeMil$bita 100 1 $aComelli, Igino.$0(OLS)http://semarc/name/88354 245 13$aIl fenomeno parmense. Quel che si dice, quel che fu, quel che è. 773 0 $t[Gennaio-Giugno].$g285-303$w()274182 996 $6245$aIl fenomeno parmense. Quel che si dice, quel che fu, quel che è$9(OLS)http://semarc/title/386245